00516 2200181 4500001002300000005001700023006001900040008004100059035002600100084001500126100001700141245004800158260003700206300002200243650002300265990002300288990002300311NBPULOT00000000000551920140628094528.0a ||| | 171130| ||| |  a 0010-061400000001010 a 658 Mur b0 a Afin Murtie00a Belajar Manajemen dari Konsultasi Strategi a Bekasi b Laskar Aksara c 2012 a 129 hlm c 23 cm 0a manajemen, bisnis a 17517/APBDII/2013 a 17516/APBDII/2013